| 000 | 00335nam a22001457a 4500 | ||
|---|---|---|---|
| 003 | SGT | ||
| 082 |
_a617.632 _bP21D |
||
| 100 | _aDarpan | ||
| 245 | _aPerforator flaps in Head and neck... | ||
| 260 |
_aGurugram, Haryana _bSGT University _c2021 |
||
| 300 | _a150 | ||
| 650 | _aOral Surgery | ||
| 653 | _aOral Surgery | ||
| 942 |
_2ddc _cTH |
||
| 999 |
_c23611 _d23611 |
||